00000000nam##2200000za#4500
0019.588060
003CaOODSP
00520210624194934
007cr |||||||||||
008150406|2000||||xxc|||||o    f|0| 0 fre|d
040 |aCaOODSP|bfre
041 |aeng
041 |afre
043 |an-cn---
0861 |aH12-30/112-PDF
1101 |aCanada.|bSanté Canada. |bProgramme des produits thérapeutiques.
24510|aInfection attribuables à une décontamination inadéquate réalisée à l'aide d'unités de retraitement automatique des endoscopes (URAE) |h[ressource électronique]
260 |aOttawa - Ontario : |bSanté Canada.
300 |a7p.|bréférences
4901 |aAlerte : matériels médicaux |vA.M.M. N° 112 (Le 30 juin 2000)
590 |a12-08-Supp|b2012-03-16
7760#|tInfections from endoscopes inadequately reprocessed by automatic endoscope reprocessing units |w(CaOODSP)9.534728
791 |tInfections from endoscopes inadequately reprocessed by automatic endoscope reprocessing units |eeng|w(CaOODSP)9.588059
830#0|aAlerte : matériels médicaux ;|vA.M.M. N° 112 (Le 30 juin 2000)|w(CaOODSP)9.500604
85640|ahttp://publications.gc.ca|qPDF|s47 Ko|uhttps://publications.gc.ca/collections/Collection/H12-30-112.pdf|yA.M.M. N° 112 (Le 30 juin 2000)